Talleyrand (Record no. 187352)

MARC details
000 -LEADER
campo de control de longitud fija 00934nam a2200229 i 4500
001 - NÚMERO DE CONTROL
campo de control 187352
003 - IDENTIFICADOR DE NÚMERO DE CONTROL
campo de control SpMaBN
005 - FECHA Y HORA DE LA ÚLTIMA TRANSACCIÓN
campo de control 20250918194453.0
008 - DATOS DE LONGITUD FIJA--INFORMACIÓN GENERAL
campo de control de longitud fija 170614s1943 sp p |||| |bspa d
080 ## - NÚMERO DE LA CLASIFICACIÓN DECIMAL UNIVERSAL
Número de la Clasificación Decimal Universal 929 Talleyrand-Périgord, Charles Maurice de, prince de Bénèvent
100 1# - ENTRADA PRINCIPAL--NOMBRE DE PERSONA
Nombre de persona Villa-Urrutia, Wenceslao Ramírez de Villa-Urrutia,
Títulos y otros términos asociados al nombre Marqués de,
Fechas asociadas al nombre 1850-1933
9 (RLIN) 114894
245 10 - MENCIÓN DEL TÍTULO
Título Talleyrand
Resto del título : ensayo biográfico /
Mención de responsabilidad, etc. Marqués de Villa-Urrutia.
250 ## - MENCION DE EDICION
Mención de edición 2ª ed.
260 ## - PUBLICACIÓN, DISTRIBUCIÓN, ETC.
Lugar de publicación, distribución, etc. Madrid :
Nombre del editor, distribuidor, etc. Librería Beltran,
Fecha de publicación, distribución, etc. 1943 (
Fabricante Imp. Torrent)
300 ## - DESCRIPCIÓN FÍSICA
Extensión 317 p. ;
Dimensiones 23 cm.
500 ## - NOTA GENERAL
Nota general Índice onomástico.
504 ## - NOTA DE BIBLIOGRAFÍA, ETC.
Nota de bibliografía, etc. Bibliografía: p. [305]-307.
599 ## - NOTA A LAS ILUSTRACIONES
NOTA A LAS ILUSTRACIONES Cab. y viñetas grab.
600 14 - PUNTO DE ACCESO ADICIONAL DE MATERIA--NOMBRE DE PERSONA
Nombre de persona Talleyrand-Périgord, Charles Maurice de,
Títulos y otros términos asociados al nombre prince de Bénèvent,
Fechas asociadas al nombre 1754-1838
9 (RLIN) 109131
852 ## - LOCALIZACIÓN
Ubicación ES-MaACL
Número de control de estantería L-31705
Nota libre . - Donat. herederos de la bibl. de Mª del Pilar Costa Palacín
Holdings
Estatus retirado Estado de pérdida Estado de daño No para préstamo Biblioteca de origen Biblioteca actual Ubicación en estantería Fecha de adquisición Fuente de adquisición Total de préstamos Signatura topográfica completa Código de barras Visto por última vez Precio de reemplazo Tipo de ítem Koha
        Biblioteca del Ateneo de Madrid Biblioteca del Ateneo de Madrid Depósito 2 14/06/2017     L-31705 1197729 23/02/2023 23/02/2023 Libro impreso